01260pab a2200181 454500008004000000100001600040245005900056260000900115300001300124362001200137520076000149650001900909773001300928908000600941909001000947999001700957952010400974180718b2011 xxu||||| |||| 00| 0 eng d aJain, Manav aSustainable infrastructure planning for the common man c2011 ap.83-90. aJan-Mar aThe whole concept of man, society, shells, spaces and networks has somehow got jeopardized after the invasion of cars. The old cities are being brought down to make space for cars. City makers are busy creating space for housing cars in each nook and corner available in the towns. City planning today is governed by cars not by human beings or the family unit. The million dollar question here for the city planners and administrators is that, in India, who can afford a car? It can be proved that the Potential users of cars are only say 30 per cent or so of the total population of an Indian city. So, the energies, resources, efforts being put to fit in cars in the existing towns and cities are only for the 30 per cent class of people. - Reproduced. aUrban planning aNagarlok aN a92296 c92296d92296 00104070aIIPAbIIPAd2018-07-19hVolume no: 43, Issue no: 1pAR92756r2018-07-19w2018-07-19yAR